The structure of regulation : (Record no. 2522)

MARC details
000 -LEADER
fixed length control field 01521nam a22003377a 4500
005 - DATE AND TIME OF LATEST TRANSACTION
control field 20251222084335.0
008 - FIXED-LENGTH DATA ELEMENTS--GENERAL INFORMATION
fixed length control field 251222b |||||||| |||| 00| 0 eng d
020 ## - INTERNATIONAL STANDARD BOOK NUMBER
International Standard Book Number 9781800883291
Qualifying information hardcover
040 ## - CATALOGING SOURCE
Original cataloging agency YDX
Language of cataloging eng
Description conventions rda
Transcribing agency KMU
Modifying agency KMU
050 00 - LIBRARY OF CONGRESS CALL NUMBER
Classification number K3178
082 04 - DEWEY DECIMAL CLASSIFICATION NUMBER
Classification number 348/.025
Edition number 23
082 04 - DEWEY DECIMAL CLASSIFICATION NUMBER
Classification number 346.066
Edition number 23
100 1# - MAIN ENTRY--PERSONAL NAME
Personal name Williamson, David,
Dates associated with a name 1954-
Relator term author.
245 14 - TITLE STATEMENT
Title The structure of regulation :
Remainder of title explaining why regulation succeeds and fails /
Statement of responsibility, etc. David Williamson, Gary Lynch-Wood.
264 #1 - PRODUCTION, PUBLICATION, DISTRIBUTION, MANUFACTURE, AND COPYRIGHT NOTICE
Place of production, publication, distribution, manufacture Cheltenham, Glos, UK ;
-- Northampton, Massachusetts, USA :
Name of producer, publisher, distributor, manufacturer Edward Elgar Publishing,
Date of production, publication, distribution, manufacture, or copyright notice [2021]
300 ## - PHYSICAL DESCRIPTION
Extent x, 145 pages ;
Dimensions 25 cm.
336 ## - CONTENT TYPE
Content type term text
Content type code txt
Source rdacontent
337 ## - MEDIA TYPE
Media type term unmediated
Media type code n
Source rdamedia
338 ## - CARRIER TYPE
Carrier type term volume
Carrier type code nc
Source rdacarrier
490 1# - SERIES STATEMENT
Series statement Elgar studies in law and regulation
504 ## - BIBLIOGRAPHY, ETC. NOTE
Bibliography, etc. note Includes bibliographical references and index.
650 #0 - SUBJECT ADDED ENTRY--TOPICAL TERM
Topical term or geographic name entry element Delegated legislation.
650 #0 - SUBJECT ADDED ENTRY--TOPICAL TERM
Topical term or geographic name entry element Corporation law.
650 #7 - SUBJECT ADDED ENTRY--TOPICAL TERM
Topical term or geographic name entry element Corporation law.
Source of heading or term fast
Authority record control number or standard number (OCoLC)fst00879728
700 1# - ADDED ENTRY--PERSONAL NAME
Personal name Lynch-Wood, Gary,
Relator term author.
776 08 - ADDITIONAL PHYSICAL FORM ENTRY
Relationship information Online version:
Main entry heading Williamson, David, 1954-
Title Structure of regulation.
Place, publisher, and date of publication Cheltenham, UK ; Northampton, Massachusetts : Edward Elgar Publishing Limited, 2021
International Standard Book Number 9781800883307
Record control number (OCoLC)1272994335
830 #0 - SERIES ADDED ENTRY--UNIFORM TITLE
Uniform title Elgar studies in law and regulation.
906 ## - LOCAL DATA ELEMENT F, LDF (RLIN)
a 7
b cbc
c copycat
d 2
e epcn
f 20
g y-gencatlg
942 ## - ADDED ENTRY ELEMENTS (KOHA)
Source of classification or shelving scheme Library of Congress Classification
Koha item type Non-Fiction
Suppress in OPAC No

No items available.